[Event "Bayern-chI Bank Hofmann 17th"]
[Site "Bad Wiessee"]
[Date "2013.10.26"]
[Round "1"]
[White "Schramm, Christian"]
[Black "Stein, Manfred"]
[Result "1-0"]
[WhiteElo "2396"]
[BlackElo "2076"]
[PlyCount "129"]
[EventDate "2013.10.26"]
[EventType "swiss"]
[EventRounds "9"]
[EventCountry "GER"]
[SourceTitle "EXT 2014"]
[Source "ChessBase"]
[SourceDate "2013.11.20"]
[SourceVersion "1"]
[SourceVersionDate "2013.11.20"]
[SourceQuality "1"]

1. e4 e6 2. d4 d5 3. Nc3 Nf6 4. Bg5 Be7 5. e5 Nfd7 6. Bxe7 Qxe7 7. Nb5 Nf8 8. c3 a6 9. Na3 c5 10. Nc2 Nc6 11. Qg4 Ng6 12. h4 h5 13. Qg3 Bd7 14. Nf3 Rc8 15. Bd3 Rh6 16. dxc5 Qxc5 17. 0-0 Nce7 18. Ncd4 Kf8 19. Ng5 Kg8 20. Rae1 Rf8 21. Kh2 Qc7 22. f4 Qc8 23. Rf2 f6 24. Ngxe6 Bxe6 25. Nxe6 Qxe6 26. f5 Qb6 27. fxg6 Nxg6 28. Qf3 Ne7 29. e6 f5 30. Rfe2 Qd6+ 31. Kh1 Rff6 32. c4 Rhg6 33. Re5 Rxe6 34. Qe2 Rxe5 35. Qxe5 Qxe5 36. Rxe5 dxc4 37. Bxc4+ Kf8 38. Be2 Rb6 39. b3 g6 40. Bc4 Rd6 41. a4 Rd4 42. Re6 Rxh4+ 43. Kg1 Rd4 44. Rf6+ Ke8 45. Rb6 Rd7 46. Kf2 Nc6 47. Bxa6 Rd2+ 48. Ke3 Rxg2 49. Bxb7 f4+ 50. Kf3 Rg3+ 51. Kxf4 Rg4+ 52. Ke3 Nd4 53. a5 Kd7 54. a6 Kc7 55. a7 Kxb6 56. a8Q Nxb3 57. Qb8 Kc5 58. Bf3 Rb4 59. Qc7+ Kb5 60. Bc6+ Kc4 61. Qf7+ Kc5 62. Qe7+ Kc4 63. Bd5+ Kb5 64. Qd7+ Kb6 65. Qe6+ 1-0

[Event "Bad Woerishofen op 24th"]
[Site "Bad Woerishofen"]
[Date "2008.03.02"]
[Round "4"]
[White "Schellmann, Frank"]
[Black "Stein, Manfred"]
[Result "1/2-1/2"]
[WhiteElo "2183"]
[BlackElo "2015"]
[PlyCount "49"]
[EventDate "2008.02.28"]
[EventType "swiss"]
[EventRounds "9"]
[EventCountry "GER"]
[SourceTitle "CBM 123 Extra"]
[Source "ChessBase"]
[SourceDate "2008.05.06"]
[SourceVersion "1"]
[SourceVersionDate "2008.05.06"]
[SourceQuality "1"]

1. e4 e6 2. d4 d5 3. e5 c5 4. c3 Nc6 5. Nf3 Qb6 6. a3 c4 7. Nbd2 Na5 8. Be2 Bd7 9. 0-0 Be7 10. Rb1 Rc8 11. Re1 h5 12. Qc2 Nh6 13. Nf1 Qb3 14. Bd1 Qxc2 15. Bxc2 g6 16. Bf4 Kf8 17. h3 Kg7 18. N1h2 Nf5 19. Ng5 b6 20. Nhf3 Nc6 21. g3 b5 22. Ra1 a5 23. Kg2 b4 24. axb4 axb4 25. Ra6 1/2-1/2